000
00329 a2200169 4500
001
191799
020
_a
040
_c
Magnum
100
_a
Jose, Elias
240
1
0
_a
A toada do tatu
_l
por
245
1
0
_a
A toada do tatu
300
_a
15
362
0
_a
1992
440
1
_a
LĂȘ
697
_a
LITERATURA INFANTIL
942
_c
BK
999
_c
191799
_d
191799